[Event "Santiago Endesa 08"]
[Site "Santiago de Chile"]
[Date "2009.06.05"]
[Round "10"]
[White "Racagni Valdes, Renato"]
[Black "Arancibia Moreno, Rodrigo"]
[Result "1-0"]
[WhiteElo "1949"]
[BlackElo "2408"]
[PlyCount "61"]
[EventDate "2009.05.13"]
[EventType "tourn"]
[EventRounds "11"]
[EventCountry "CHI"]
[SourceTitle "EXT 2012"]
[Source "ChessBase"]
[SourceDate "2011.11.24"]
[SourceVersion "1"]
[SourceVersionDate "2011.11.24"]
[SourceQuality "1"]

1. d4 Nf6 2. c4 g6 3. Nc3 Bg7 4. e4 d6 5. h3 0-0 6. Nf3 Nbd7 7. Be2 b6 8. 0-0 Bb7 9. d5 Re8 10. Qc2 e6 11. Bg5 exd5 12. cxd5 Nc5 13. b4 Ncxe4 14. Nxe4 Rxe4 15. Bxf6 Rxe2 16. Qxe2 Qxf6 17. Rad1 a5 18. b5 Bc8 19. Rc1 Ra7 20. Qe8+ Bf8 21. Qxc8 a4 22. Rfe1 Ra5 23. Re8 Qg7 24. Qd7 f5 25. Qxg7+ Kxg7 26. Rxc7+ Kg8 27. Rcc8 Rxb5 28. Rxf8+ Kg7 29. Rg8+ Kf6 30. Rcf8+ Ke7 31. Ng5 1-0

[Event "Santiago Endesa 11"]
[Site "Santiago de Chile"]
[Date "2007.11.??"]
[Round "4"]
[White "Almarza Orellana, Luis"]
[Black "Racagni Valdes, Renato"]
[Result "1-0"]
[WhiteElo "2094"]
[BlackElo "1971"]
[PlyCount "37"]
[EventDate "2007.11.??"]
[EventType "tourn"]
[EventRounds "9"]
[EventCountry "CHI"]
[SourceTitle "EXT 2008"]
[Source "ChessBase"]
[SourceDate "2007.11.25"]
[SourceVersion "1"]
[SourceVersionDate "2007.11.25"]
[SourceQuality "1"]

1. c4 c6 2. Nc3 e6 3. d4 d5 4. e4 dxe4 5. Nxe4 Nf6 6. Nxf6+ Qxf6 7. Nf3 Bb4+ 8. Bd2 Bxd2+ 9. Qxd2 Nd7 10. Bd3 0-0 11. Ng5 g6 12. 0-0-0 Qxd4 13. Nxh7 Rd8 14. Qg5 Nf8 15. Bxg6 Nxg6 16. Rxd4 Rxd4 17. Nf6+ Kg7 18. Nh5+ Kf8 19. Qc5+ 1-0

[Event "Santiago Endesa 11"]
[Site "Santiago de Chile"]
[Date "2007.11.??"]
[Round "6"]
[White "Morales Garcia, Hugo"]
[Black "Racagni Valdes, Renato"]
[Result "0-1"]
[WhiteElo "2125"]
[BlackElo "1971"]
[PlyCount "52"]
[EventDate "2007.11.??"]
[EventType "tourn"]
[EventRounds "9"]
[EventCountry "CHI"]
[SourceTitle "EXT 2008"]
[Source "ChessBase"]
[SourceDate "2007.11.25"]
[SourceVersion "1"]
[SourceVersionDate "2007.11.25"]
[SourceQuality "1"]

1. e4 c6 2. d3 d5 3. Nd2 dxe4 4. dxe4 e5 5. Ngf3 Bg4 6. Bc4 Bxf3 7. Qxf3 Nf6 8. Qb3 Qc7 9. a4 Bc5 10. 0-0 0-0 11. c3 Nbd7 12. Qc2 a5 13. Nf3 Be7 14. Bg5 Nc5 15. Rae1 Rab8 16. Ba2 b5 17. axb5 cxb5 18. Nd2 Rbc8 19. f4 h6 20. fxe5 hxg5 21. exf6 Bxf6 22. Rxf6 gxf6 23. e5 Ne6 24. exf6 Rfe8 25. Rxe6 Rxe6 26. Bxe6 Qb6+ 0-1

[Event "Santiago Endesa Clasification"]
[Site "Santiago de Chile"]
[Date "2007.08.13"]
[Round "1"]
[White "Racagni Valdes, Renato"]
[Black "Cuevas Araya, Walter"]
[Result "0-1"]
[WhiteElo "1971"]
[BlackElo "2172"]
[PlyCount "80"]
[EventDate "2007.08.13"]
[EventType "swiss"]
[EventRounds "9"]
[EventCountry "CHI"]
[SourceTitle "EXT 2008"]
[Source "ChessBase"]
[SourceDate "2007.11.25"]
[SourceVersion "1"]
[SourceVersionDate "2007.11.25"]
[SourceQuality "1"]

1. d4 Nf6 2. c4 g6 3. Nc3 Bg7 4. e4 d6 5. f3 0-0 6. Be3 e5 7. d5 Nbd7 8. Qd2 a6 9. Bd3 Nc5 10. Bc2 Rb8 11. b4 Ncd7 12. Nge2 b5 13. c5 Qe7 14. c6 Nb6 15. Bd3 Ne8 16. g4 f5 17. gxf5 gxf5 18. Bg5 Qf7 19. 0-0-0 f4 20. Rdg1 Qh5 21. Qe1 Qxf3 22. Rf1 Qxd3 23. Qd2 Qxd2+ 24. Kxd2 Nc4+ 25. Kd3 Bh3 26. Rfg1 f3 27. Ng3 Bg2 28. Nf5 Bxh1 29. Rxh1 h6 30. Bxh6 Bxh6 31. Nxh6+ Kh7 32. Nf5 Ng7 33. Ng3 Rf4 34. Nd1 f2 35. Ke2 Rbf8 36. Rf1 Rh4 37. Rh1 f1Q+ 38. Nxf1 Rxe4+ 39. Kd3 Rd4+ 40. Ke2 Nh5 0-1

[Event "Jose Cabezas Memorial"]
[Site "Santiago de Chile"]
[Date "2004.10.09"]
[Round "2"]
[White "Henriquez Pacheco, Daniel"]
[Black "Racagni Valdes, Renato"]
[Result "1-0"]
[WhiteElo "2242"]
[BlackElo "2026"]
[PlyCount "83"]
[EventDate "2004.10.09"]
[EventType "swiss"]
[EventRounds "3"]
[EventCountry "CHI"]
[SourceTitle "CBM 103 Extra"]
[Source "ChessBase"]
[SourceDate "2005.01.01"]
[SourceVersion "1"]
[SourceVersionDate "2005.01.01"]
[SourceQuality "1"]

1. e4 c6 2. d4 d5 3. e5 Bf5 4. Nf3 e6 5. Be2 Nd7 6. 0-0 h6 7. c4 dxc4 8. Bxc4 Nb6 9. Bd3 Ne7 10. Nc3 Bxd3 11. Qxd3 Ned5 12. Be3 Be7 13. Nd2 Qc7 14. a4 a5 15. f4 Nxe3 16. Qxe3 g6 17. Rac1 Qd7 18. Nde4 0-0-0 19. Rfd1 Kb8 20. Nc5 Bxc5 21. dxc5 Nd5 22. Qd4 Nxc3 23. Qxd7 Rxd7 24. bxc3 Rhd8 25. Rd6 Rxd6 26. cxd6 b6 27. Kf2 Kb7 28. c4 c5 29. Ke3 Kc6 30. g4 Rh8 31. f5 gxf5 32. gxf5 Kd7 33. Rg1 exf5 34. Kf4 Ke6 35. Rg7 h5 36. h4 Rh6 37. Rg8 Rg6 38. Re8+ Kd7 39. Re7+ Kd8 40. Rxf7 Rg4+ 41. Kxf5 Rxh4 42. e6 1-0